| 000 | 01444 a2200265 4500 | ||
|---|---|---|---|
| 005 | 20080828121053.0 | ||
| 008 | 080828t xxu||||| |||| 00| 0 hin d | ||
| 010 | _aHIN-82589 | ||
| 020 |
_c150.00 _a8190159623 |
||
| 035 | _aHN-54935 | ||
| 035 | _aB-317839 | ||
| 037 | _bपु.प्र.अ.प्र/प्रका | ||
| 082 | _aक | ||
| 245 |
_aसात सपने / _cचेतन दुबे ' अनिल ' द्वारा संपादित |
||
| 246 |
_aSat Sapne _bEd by Chetan Dube 'Anil' |
||
| 260 |
_aदिल्ली _bराष्ट्रवाणी प्रकाशन _c2006 |
||
| 270 |
_a511/1-ई, शॉप नं.2, गली नं.2, विश्वास नगर ओद्योगिक क्षेत्र, शाहदरा _bदिल्ली _e110032 |
||
| 300 |
_a152पृ _c22 सेमी (सजिल्द) |
||
| 650 | _aहिन्दी कहानियाँ | ||
| 650 | _aHindi Stories | ||
| 700 | _aदुबे, चेतन 'अनिल ' | ||
| 942 |
_adpl _cHN _kक / सातस _2ddc _hक _mसातस |
||
| 999 |
_c10690 _d10690 |
||